Southville International School and Colleges
Your cart is empty.
  • Cart
  • Lists
    Public lists Eva Luna New books Lux_list list_1
    Your lists Log in to create your own lists
  • Log in to your account
  • Your cookies
  • Search history
Southville International School and Colleges
  • Advanced search
  • Recent comments
  • Most popular
  • Libraries

Log in to your account

Log in with GOOGLE


If you do not have an external account, but do have a local account, you can still log in:

  1. Home
  2. MARC view: Supporting special needs :
Normal view MARC view ISBD view

Supporting special needs : (Record no. 22723)

[ view plain ]
MARC details
000 -LEADER
fixed length control field 00522nam a2200181 a 4500
005 - DATE AND TIME OF LATEST TRANSACTION
control field 20140310183430.0
008 - FIXED-LENGTH DATA ELEMENTS--GENERAL INFORMATION
fixed length control field 080107s19uu xx 00 eng d
020 ## - INTERNATIONAL STANDARD BOOK NUMBER
International Standard Book Number 0435401629
050 ## - LIBRARY OF CONGRESS CALL NUMBER
Classification number LC 3986.G7
Item number .T215 2003
100 ## - MAIN ENTRY--PERSONAL NAME
Personal name Tassoni, Penny
245 ## - TITLE STATEMENT
Title Supporting special needs :
Remainder of title understanding inclusion in the early years /
Statement of responsibility, etc Tassoni, Penny
260 ## - PUBLICATION, DISTRIBUTION, ETC. (IMPRINT)
Place of publication, distribution, etc Children with disabilities.
300 ## - PHYSICAL DESCRIPTION
Extent 234 p. :
Other physical details ill. ;
Dimensions 25 cm.
521 ## - TARGET AUDIENCE NOTE
Target audience note
650 ## - SUBJECT ADDED ENTRY--TOPICAL TERM
Topical term or geographic name as entry element Education.
942 ## - ADDED ENTRY ELEMENTS (KOHA)
Koha item type Books
Source of classification or shelving scheme Library of Congress Classification
Call number prefix Foreign
Holdings
Withdrawn status Lost status Source of classification or shelving scheme Damaged status Home library Current library Shelving location Date acquired Source of acquisition Total Checkouts Full call number Barcode Date last seen Copy number Price effective from Koha item type
    Library of Congress Classification   College Library College Library General Circulation Section 09/30/2010     LC 3986.G7 .T215 2003 C8961 05/15/2018 1 10/18/2013 Books

Supporting special needs :

APA

Tassoni P., .Supporting special needs. Children with disabilities: .

Chicago

Tassoni Penny, .Supporting special needs. Children with disabilities: .

Harvard

Tassoni P., .Supporting special needs. Children with disabilities: .

MLA

Tassoni Penny, .Children with disabilities: . .

  • Place hold
  • Print
  • Cite
  • Add to your cart (remove)
  • Save record
    BIBTEX Dublin Core MARCXML MARC (non-Unicode/MARC-8) MARC (Unicode/UTF-8) MARC (Unicode/UTF-8, Standard) MODS (XML) RIS
  • More searches
    Search for this title in:
    Other Libraries (WorldCat) Other Databases (Google Scholar) Online Stores (Bookfinder.com) Open Library (openlibrary.org)

Exporting to Dublin Core...

SOUTHVILLE LIBRARY

Southville International School and Colleges Library

1281 Tropical Ave. Cor. Luxembourg St., BF Homes International, Las Pinas City

Tel. No. 8256374 / 252358 Loc. 117/146

Powered by Koha